aydınlığım deliyim rüzgarlıyım (Record no. 3936)

000 -LEADER
fixed length control field 00605nam a22002057a 4500
008 - FIXED-LENGTH DATA ELEMENTS--GENERAL INFORMATION
fixed length control field 191016b ||||| |||| 00| p eng d
020 ## - INTERNATIONAL STANDARD BOOK NUMBER
International Standard Book Number 9786055497194
041 ## - LANGUAGE CODE
Language code of text/sound track or separate title Türkçe
050 ## - LIBRARY OF CONGRESS CALL NUMBER
Classification number PL248.C3656
100 ## - MAIN ENTRY--PERSONAL NAME
9 (RLIN) 317
Personal name Uzunbay, Zeynep
245 ## - TITLE STATEMENT
Title aydınlığım deliyim rüzgarlıyım
Statement of responsibility, etc. Editör : Bülent Usta
250 ## - EDITION STATEMENT
Edition statement 1.Basım
260 ## - PUBLICATION, DISTRIBUTION, ETC.
Place of publication, distribution, etc. İstanbul:
Name of publisher, distributor, etc. Komşu Yayınları,
Date of publication, distribution, etc. Eylül 2011
300 ## - PHYSICAL DESCRIPTION
Extent 131 Sayfa
500 ## - GENERAL NOTE
General note Komşu Yayınları ; 92
İnceleme ; 4
650 #0 - SUBJECT ADDED ENTRY--TOPICAL TERM
9 (RLIN) 145
Topical term or geographic name entry element Türk Edebiyatı
650 #0 - SUBJECT ADDED ENTRY--TOPICAL TERM
9 (RLIN) 1689
Topical term or geographic name entry element Edebiyat-İnceleme
700 ## - ADDED ENTRY--PERSONAL NAME
9 (RLIN) 665
Personal name Usta, Bülent
942 ## - ADDED ENTRY ELEMENTS (KOHA)
Source of classification or shelving scheme
Koha item type Books
Holdings
Withdrawn status Lost status Source of classification or shelving scheme Damaged status Not for loan Permanent Location Current Location Shelving location Date acquired Full call number Barcode Date last seen Price effective from Koha item type
        Ödünç verilemez İmren Ahmet Tüzün Kütüphanesi İmren Ahmet Tüzün Kütüphanesi Ahmet Tüzün 2019-10-16 PL248.C3656 100100004202 2019-10-16 2019-10-16 Books

This software was implemented, installed and managed by Devinim Software Training Consulting .